El cultivo del trigo
Guardado en:
| Autor Principal: | |
|---|---|
| Formato: | Libro |
| Publicado: |
Buenos Aires :
Inta,
1981
|
| Series: | Colección Principales Cultivos de la Argentina
|
| Materias: | |
| Etiquetas: |
Agregar Etiqueta
Sin Etiquetas, Sea el primero en etiquetar este registro!
|
| LEADER | 01077nam a22002535a 4500 | ||
|---|---|---|---|
| 001 | CEM.cems015685 | ||
| 008 | 130507s1981##################000#0#####d | ||
| 005 | 20230627120958.0 | ||
| 245 | 1 | 0 | |a El cultivo del trigo |
| 260 | |a Buenos Aires : |b Inta, |c 1981 | ||
| 300 | |a 185 p. | ||
| 490 | 0 | |a Colección Principales Cultivos de la Argentina | |
| 505 | 0 | |a Generalidades -- Necesidades de la planta de trigo -- Técnicas de producción Cosecha -- Acondicionamiento y almacenaje del grano -- Comercialización -- Subregiones ecológicas trigueras -- Regiones marginales | |
| 100 | 1 | |a Instituto Nacional de Tecnología Agropecuaria (inta). Argentina | |
| 082 | 0 | 4 | |a 633.1 |
| 653 | |a Cultivos | ||
| 653 | |a Trigo-cosecha | ||
| 653 | |a Trigo-regiones | ||
| 653 | |a Trigo-almacenaje | ||
| 653 | |a Trigo | ||
| 859 | |a CEMS |b BIB. CEMS - Agricultura |h 633.1 |i Ar37 |p A12553.83 |t Ej.1 | ||
| 859 | |a CEMS |b BIB. CEMS - 11 de abril |h 633.1 |i AR37 |p 12553.83 |t Ej.1 | ||
| 859 | |a CEMS |b BIB. CEMS - Agricultura |h 633.1 |i Ar37 |p A1484.11 |t Ej.2 | ||
| 859 | |a CEMS |b BIB. CEMS - Agricultura |h 633.1 |i AR37 |p A16029.90 |t Ej.3 | ||
